header

Sociology (Record no. 253713)

MARC details
000 -LEADER
fixed length control field 00375nam a22001577a 4500
003 - CONTROL NUMBER IDENTIFIER
control field OSt
005 - DATE AND TIME OF LATEST TRANSACTION
control field 20160513144423.0
008 - FIXED-LENGTH DATA ELEMENTS--GENERAL INFORMATION
fixed length control field 160513b xxu||||| |||| 00| 0 eng d
020 ## - INTERNATIONAL STANDARD BOOK NUMBER
International Standard Book Number 978-0-495-00685-5
040 ## - CATALOGING SOURCE
Transcribing agency N/A
050 ## - LIBRARY OF CONGRESS CALL NUMBER
Classification number HM447
Item number .K46 2007
100 ## - MAIN ENTRY--PERSONAL NAME
Personal name Kendall Diana
245 ## - TITLE STATEMENT
Title Sociology
Remainder of title In Our Time
260 ## - PUBLICATION, DISTRIBUTION, ETC. (IMPRINT)
Name of publisher, distributor, etc Thomson/Wadsworth
Date of publication, distribution, etc 2007
942 ## - ADDED ENTRY ELEMENTS (KOHA)
Source of classification or shelving scheme Library of Congress Classification
Koha item type Long Loan Books
Holdings
Withdrawn status Lost status Source of classification or shelving scheme Damaged status Not for loan Home library Current library Date acquired Total Checkouts Full call number Barcode Date last seen Price effective from Koha item type Collection code Shelving location Date checked out Checked out
    Library of Congress Classification     Rongo University Library Rongo University Library 05/08/2016   HM447 .K46 2007 201615397 05/08/2016 05/08/2016 Long Loan Books        
    Library of Congress Classification     Rongo University Library Rongo University Library 05/08/2016   HM447 .K46 2007 201615400 05/08/2016 05/08/2016 Long Loan Books        
    Library of Congress Classification     Rongo University Library Rongo University Library 08/08/2016   HM447 .K46 2007 201617591 08/08/2016 08/08/2016 Long Loan Books        
    Library of Congress Classification     Rongo University Library Rongo University Library 08/08/2016   HM447 .K46 2007 201617570 08/08/2016 08/08/2016 Long Loan Books        
    Library of Congress Classification     Rongo University Library Rongo University Library 08/08/2016   HM447 .K46 2007 201617576 08/08/2016 08/08/2016 Long Loan Books        
    Library of Congress Classification     Rongo University Library Rongo University Library 08/08/2016   HM447 .K46 2007 201617575 08/08/2016 08/08/2016 Long Loan Books        
    Library of Congress Classification     Rongo University Library Rongo University Library 08/08/2016   HM447 .K46 2007 201617574 08/08/2016 08/08/2016 Long Loan Books        
    Library of Congress Classification     Rongo University Library Rongo University Library 24/08/2016 1 HM447 .K46 2007 20154675X 07/02/2018 24/08/2016 Long Loan Books Non-fiction General Stacks 05/12/2017  
    Library of Congress Classification     Rongo University Library Rongo University Library 08/02/2017 3 HM447 .K46 2007 201617411 09/10/2023 08/02/2017 Long Loan Books   General Stacks 09/10/2023 23/10/2023
    Library of Congress Classification     Rongo University Library Rongo University Library 20/02/2017   HM447 .K46 2007 201616831 20/02/2017 20/02/2017 Long Loan Books Non-fiction General Stacks    

© 2026 Rongo University
Contact us: librarian | system librarian | Rongo university